[Event "CZE-chT 2223"]
[Site "Czech Republic"]
[Date "2022.12.03"]
[Round "3.6"]
[White "Balacek, Tadeas"]
[Black "Havelka, Ondrej"]
[Result "1/2-1/2"]
[WhiteElo "2378"]
[BlackElo "2168"]
[PlyCount "89"]
[EventDate "2022.10.15"]
[EventType "team-tourn"]
[EventRounds "11"]
[EventCountry "CZE"]
[SourceTitle "CBM 213 Extra"]
[Source "ChessBase"]
[SourceDate "2023.05.31"]
[SourceVersion "1"]
[SourceVersionDate "2023.05.31"]
[SourceQuality "1"]
[WhiteTeam "Lysa nad Labem"]
[BlackTeam "Hostalkova"]
[WhiteTeamCountry "CZE"]
[BlackTeamCountry "CZE"]

1. d4 e6 2. c4 d5 3. Nf3 c5 4. e3 Nf6 5. a3 Nc6 6. dxc5 Bxc5 7. b4 Bb6 8. Bb2 0-0 9. Nbd2 d4 10. exd4 Bxd4 11. Nxd4 Nxd4 12. Nf3 Nxf3+ 13. Qxf3 e5 14. Be2 Re8 15. h3 a5 16. 0-0 Qe7 17. Bc3 Qc7 18. Qe3 Bf5 19. Rfc1 Rad8 20. Rd1 Ne4 21. Be1 Bg6 22. bxa5 Nc5 23. Rd5 Rc8 24. Bb4 Ne4 25. Qb6 f5 26. Rad1 Nf6 27. Rc5 Qxb6 28. axb6 Rxc5 29. Bxc5 Bf7 30. Bb4 Rc8 31. c5 Nd5 32. Bb5 g6 33. Re1 e4 34. g3 Kg7 35. Kg2 Kf6 36. f3 Nxb4 37. axb4 Bd5 38. fxe4 fxe4 39. Kf2 Ke5 40. Ra1 Rf8+ 41. Ke2 Kd4 42. Rd1+ Ke5 43. Rc1 Kd4 44. Rd1+ Ke5 45. Rc1 1/2-1/2

[Event "Skalica op-A"]
[Site "Skalica"]
[Date "2022.08.28"]
[Round "9"]
[White "Haselbach, David"]
[Black "Havelka, Ondrej"]
[Result "0-1"]
[WhiteElo "2107"]
[BlackElo "2134"]
[PlyCount "136"]
[EventDate "2022.08.20"]
[EventType "swiss"]
[EventRounds "9"]
[EventCountry "SVK"]
[SourceTitle "CBM 209 Extra"]
[Source "ChessBase"]
[SourceDate "2022.09.30"]
[SourceVersion "1"]
[SourceVersionDate "2022.09.30"]
[SourceQuality "1"]

1. c4 c5 2. Nc3 Nc6 3. g3 g6 4. Bg2 Bg7 5. e4 d6 6. Nge2 Nf6 7. 0-0 0-0 8. d3 Ne8 9. Be3 Nd4 10. Rb1 a5 11. a3 Nc7 12. b4 axb4 13. axb4 Na6 14. bxc5 dxc5 15. Nb5 Bg4 16. f3 Be6 17. Nf4 Bd7 18. Nxd4 cxd4 19. Bd2 Bc6 20. Nd5 e6 21. Nb4 Qc7 22. Qc2 Rfb8 23. f4 Nc5 24. f5 Ra3 25. fxe6 Nxe6 26. Ra1 Rc3 27. Bxc3 dxc3 28. Kh1 Nc5 29. Rfd1 Bd4 30. Qe2 Ba4 31. Rf1 b5 32. e5 bxc4 33. Rxa4 Nxa4 34. Nc6 Rb2 35. Qe4 Bc5 36. e6 c2 37. exf7+ Qxf7 38. Rxf7 Kxf7 39. Nd8+ Kf8 40. Ne6+ Kg8 41. Qa8+ Kf7 42. Ng5+ Kg7 43. Ne6+ Kf6 44. Qf3+ Kxe6 45. Qd5+ Ke7 46. Qe5+ Kd7 47. Qd5+ Kc8 48. Qc6+ Kb8 49. Qa8+ Kc7 50. Qc6+ Kd8 51. Qd5+ Ke7 52. Qe5+ Kd7 53. Qd5+ Bd6 54. Qf7+ Kd8 55. Qg8+ Kc7 56. Qxc4+ Bc5 57. Bf1 Rb1 58. Qxc2 Rxf1+ 59. Kg2 Rf2+ 60. Qxf2 Bxf2 61. Kxf2 Kd6 62. Ke3 Ke5 63. d4+ Kf5 64. h3 Nb6 65. Kf3 Nd5 66. g4+ Ke6 67. h4 h6 68. Ke4 g5 0-1

[Event "Skalica op-A"]
[Site "Skalica"]
[Date "2022.08.21"]
[Round "2"]
[White "Havelka, Ondrej"]
[Black "Bochnicka, Vladimir1111"]
[Result "1/2-1/2"]
[WhiteElo "2134"]
[BlackElo "2343"]
[PlyCount "90"]
[EventDate "2022.08.20"]
[EventType "swiss"]
[EventRounds "9"]
[EventCountry "SVK"]
[SourceTitle "CBM 209 Extra"]
[Source "ChessBase"]
[SourceDate "2022.09.30"]
[SourceVersion "1"]
[SourceVersionDate "2022.09.30"]
[SourceQuality "1"]

1. d4 d5 2. Nf3 Nf6 3. e3 e6 4. c4 dxc4 5. Bxc4 c5 6. 0-0 a6 7. a3 b5 8. Ba2 Bb7 9. Nc3 Nc6 10. Re1 Be7 11. dxc5 Qxd1 12. Rxd1 Bxc5 13. b4 Bb6 14. Bb2 Ke7 15. Ne2 Rac8 16. h3 Rhd8 17. Rac1 Rxd1+ 18. Rxd1 a5 19. bxa5 Nxa5 20. Bc3 Nd5 21. Bxd5 Bxd5 22. Bb4+ Ke8 23. Ned4 Bxf3 24. gxf3 Bxd4 25. Bxa5 Bb2 26. Bb4 Rc1 27. Rxc1 Bxc1 28. Kf1 Kd7 29. Ke2 Kc6 30. Kd3 Bb2 31. f4 f5 32. Be7 e5 33. fxe5 Bxe5 34. f3 Kd7 35. Bc5 g5 36. e4 Ke6 37. Bf8 h5 38. Bc5 Kf6 39. Bd4 g4 40. hxg4 hxg4 41. Bxe5+ Kxe5 42. exf5 g3 43. Ke2 Kxf5 44. Kf1 Ke5 45. Kg1 Kf5 1/2-1/2

[Event "Bohumin op 5th"]
[Site "Bohumin"]
[Date "2022.07.03"]
[Round "2"]
[White "Havelka, Ondrej"]
[Black "Petrov, Nikolaj"]
[Result "1-0"]
[WhiteElo "2123"]
[BlackElo "1726"]
[PlyCount "107"]
[EventDate "2022.07.02"]
[EventType "swiss"]
[EventRounds "9"]
[EventCountry "CZE"]
[SourceTitle "CBM 209 Extra"]
[Source "ChessBase"]
[SourceDate "2022.09.30"]
[SourceVersion "1"]
[SourceVersionDate "2022.09.30"]
[SourceQuality "1"]

1. e4 d6 2. d4 Nf6 3. Nc3 g6 4. f4 Bg7 5. Nf3 Bg4 6. h3 Bxf3 7. Qxf3 Nbd7 8. e5 dxe5 9. dxe5 Ng8 10. Qxb7 e6 11. Bb5 Qc8 12. Bxd7+ Kxd7 13. Qb5+ c6 14. Qd3+ Ke7 15. Be3 f5 16. 0-0-0 Kf7 17. Qd7+ Ne7 18. Bxa7 Bh6 19. Be3 Qa6 20. Rd6 Qc4 21. Rd4 Qc5 22. Rhd1 Rhd8 23. Qc7 Rxd4 24. Bxd4 Bxf4+ 25. Kb1 Qa5 26. Qxa5 Rxa5 27. b4 Ra8 28. Ne2 Nd5 29. Nxf4 Nxf4 30. Rd2 Rd8 31. c3 Nd5 32. Kc2 Ra8 33. Kb3 f4 34. c4 Ne7 35. Bc5 Nf5 36. a4 g5 37. a5 h5 38. Ka4 Ng3 39. Rd4 Ne2 40. Rd3 Ng3 41. b5 Ne4 42. Bg1 cxb5+ 43. cxb5 g4 44. hxg4 hxg4 45. b6 Ke7 46. b7 Rf8 47. a6 f3 48. gxf3 gxf3 49. Rxf3 Rxf3 50. b8Q Nc3+ 51. Ka5 Nd5 52. Bc5+ Kd7 53. Qd6+ Kc8 54. Qxe6+ 1-0

[Event "CZE-chT1E 2122"]
[Site "Czech Republic"]
[Date "2022.03.27"]
[Round "11.1"]
[White "Pilch, Roman"]
[Black "Havelka, Ondrej"]
[Result "1-0"]
[WhiteElo "2113"]
[BlackElo "2158"]
[PlyCount "119"]
[EventDate "2021.10.09"]
[EventType "team-tourn"]
[EventRounds "11"]
[EventCountry "CZE"]
[SourceTitle "EXT 2023"]
[Source "ChessBase"]
[SourceDate "2022.10.05"]
[SourceVersion "1"]
[SourceVersionDate "2022.10.05"]
[SourceQuality "1"]
[WhiteTeam "Trinec"]
[BlackTeam "Hostalkova"]
[WhiteTeamCountry "CZE"]
[BlackTeamCountry "CZE"]

1. Nf3 d5 2. c4 d4 3. b4 Bg4 4. g3 Bxf3 5. exf3 e5 6. a3 a5 7. b5 Nd7 8. a4 Ngf6 9. d3 Bd6 10. Nd2 0-0 11. Bh3 Nc5 12. Nb3 Nfd7 13. Bxd7 Qxd7 14. Nxc5 Bxc5 15. 0-0 Qh3 16. Re1 Rfe8 17. Re4 b6 18. Qe2 Bd6 19. Ba3 Re6 20. Rh4 Qf5 21. Qe4 Qxe4 22. Rxe4 Rae8 23. Re2 f5 24. Kg2 Kf7 25. c5 bxc5 26. Rc1 e4 27. fxe4 fxe4 28. Bxc5 exd3 29. Rd2 Bxc5 30. Rxc5 R8e7 31. Rd5 Rf6 32. Rxd3 Re2 33. Rf3 Ke6 34. Rxd4 Rb2 35. Rc4 Kd7 36. Rg4 Rxf3 37. Rxg7+ Kd6 38. Kxf3 Rb3+ 39. Kg2 Rb4 40. Rxh7 Rxa4 41. Rh6+ Kc5 42. Rc6+ Kxb5 43. Rxc7 Rc4 44. Rb7+ Kc6 45. Rb8 a4 46. h4 Kc7 47. Rb1 a3 48. Ra1 Ra4 49. h5 Kd6 50. h6 Ra8 51. h7 Rh8 52. Rxa3 Rxh7 53. Re3 Rf7 54. g4 Kd5 55. Kg3 Kd4 56. Re8 Rh7 57. g5 Rh1 58. Kf4 Rg1 59. Rd8+ Kc4 60. Kf5 1-0

[Event "CZE-chT2F 2122"]
[Site "Czech Republic"]
[Date "2022.03.20"]
[Round "10.3"]
[White "Havelka, Ondrej"]
[Black "Stalmach, Richard"]
[Result "0-1"]
[WhiteElo "2146"]
[BlackElo "2305"]
[PlyCount "72"]
[EventDate "2021.10.17"]
[EventType "team-tourn"]
[EventRounds "11"]
[EventCountry "CZE"]
[SourceTitle "EXT 2024"]
[Source "ChessBase"]
[SourceDate "2023.10.10"]
[SourceVersion "1"]
[SourceVersionDate "2023.10.10"]
[SourceQuality "1"]
[WhiteTeam "Dobra Sokol"]
[BlackTeam "Frydek Mistek III"]
[WhiteTeamCountry "CZE"]
[BlackTeamCountry "CZE"]

1. d4 Nf6 2. c4 g6 3. Nc3 Bg7 4. e4 d6 5. h3 0-0 6. Be3 Na6 7. g4 c6 8. Qd2 Rb8 9. f4 b5 10. e5 b4 11. Nd1 Nd7 12. Bg2 dxe5 13. dxe5 g5 14. Nf3 gxf4 15. Bxf4 Ndc5 16. Nf2 Ne6 17. Ne4 Qxd2+ 18. Bxd2 Nac5 19. Nxc5 Nxc5 20. 0-0 Nd3 21. b3 Nxe5 22. Nxe5 Bxe5 23. Rae1 Bd6 24. Bxc6 Rb6 25. Bd5 Ra6 26. a4 bxa3 27. b4 e6 28. Bg2 a2 29. Bc3 Ra3 30. Rc1 Be7 31. b5 Rd8 32. Ba1 Bc5+ 33. Kh1 Rd2 34. Bc3 Rd3 35. Bb2 Bb7 36. Bxa3 Rxh3# 0-1

[Event "CZE-chT2F 2122"]
[Site "Czech Republic"]
[Date "2021.12.19"]
[Round "5.3"]
[White "Kolar, Stanislav"]
[Black "Havelka, Ondrej"]
[Result "1/2-1/2"]
[WhiteElo "2046"]
[BlackElo "2148"]
[PlyCount "127"]
[EventDate "2021.10.17"]
[EventType "team-tourn"]
[EventRounds "11"]
[EventCountry "CZE"]
[SourceTitle "EXT 2024"]
[Source "ChessBase"]
[SourceDate "2023.10.10"]
[SourceVersion "1"]
[SourceVersionDate "2023.10.10"]
[SourceQuality "1"]
[WhiteTeam "Havirov Banik"]
[BlackTeam "Dobra Sokol"]
[WhiteTeamCountry "CZE"]
[BlackTeamCountry "CZE"]

1. Nf3 d5 2. d4 Nf6 3. c4 e6 4. Nc3 Be7 5. Bf4 0-0 6. Rc1 c5 7. dxc5 Nc6 8. e3 Bxc5 9. Be2 a6 10. 0-0 dxc4 11. Bxc4 b5 12. Bd3 Qb6 13. Ne4 Be7 14. Nxf6+ Bxf6 15. Qc2 Bb7 16. Bxh7+ Kh8 17. Bd6 Rfd8 18. Bc5 Qa5 19. a3 Ne5 20. Be4 Nxf3+ 21. Bxf3 Rd2 22. Bb4 Rxc2 23. Bxa5 Rxc1 24. Rxc1 Bxf3 25. gxf3 Bxb2 26. Rc7 Bxa3 27. Rxf7 Rb8 28. Ra7 b4 29. Rxa6 b3 30. Bc3 b2 31. Bxb2 Bxb2 32. Rxe6 Kg8 33. Rc6 Bf6 34. Rc2 Kf7 35. f4 Ke6 36. Kg2 Kd5 37. Kf3 Rh8 38. e4+ Ke6 39. Kg3 Rd8 40. Rc6+ Kf7 41. e5 Rd3+ 42. f3 Be7 43. Kg4 Re3 44. Rc2 Re1 45. Rg2 Bc5 46. h4 Be7 47. Rh2 Ke6 48. Kg3 Rg1+ 49. Kf2 Bc5+ 50. Ke2 Kf5 51. h5 Bf8 52. Ke3 Ra1 53. Rc2 Ra3+ 54. Ke2 Kxf4 55. Rc8 Ra2+ 56. Kd3 Bb4 57. Rc4+ Kxe5 58. Rxb4 Rh2 59. Ke3 Kf6 60. Rb5 Rh4 61. f4 Rh1 62. Rb6+ Kf5 63. Rb5+ Kf6 64. Ra5 1/2-1/2

[Event "CZE-ch rapid U20"]
[Site "Ceska Trebova"]
[Date "2020.09.19"]
[Round "2"]
[White "Gubin, Michail"]
[Black "Havelka, Ondrej"]
[Result "0-1"]
[WhiteElo "1655"]
[BlackElo "2007"]
[PlyCount "68"]
[EventDate "2020.09.19"]
[EventType "swiss (rapid)"]
[EventRounds "9"]
[EventCountry "CZE"]
[SourceTitle "CBM 198 Extra"]
[Source "ChessBase"]
[SourceDate "2020.11.30"]
[SourceVersion "1"]
[SourceVersionDate "2020.11.30"]
[SourceQuality "1"]

1. e4 e6 2. Nc3 d5 3. e5 c5 4. d3 Nc6 5. f4 Nh6 6. Nf3 Be7 7. Be2 Nf5 8. 0-0 h5 9. Qe1 a6 10. Bd1 b5 11. Ne2 Qb6 12. c3 a5 13. Ng3 b4 14. Nxf5 exf5 15. Qg3 g6 16. Re1 Be6 17. Ng5 h4 18. Qf3 a4 19. Kh1 a3 20. cxb4 Qxb4 21. Qf2 axb2 22. Bxb2 Kd7 23. Bf3 Qxf4 24. Nxf7 Bxf7 25. e6+ Bxe6 26. Bxh8 Rxh8 27. Rxe6 Bd6 28. Rxd6+ Qxd6 29. Qb2 Rb8 30. Qg7+ Ne7 31. Qf7 Qe5 32. Rc1 g5 33. Qh5 Qf6 34. h3 Rh8 0-1

[Event "Skalica Rapid op"]
[Site "Skalica"]
[Date "2020.08.29"]
[Round "7"]
[White "Havelka, Ondrej"]
[Black "Ihnat, Marek1111"]
[Result "1-0"]
[WhiteElo "1997"]
[BlackElo "1738"]
[PlyCount "51"]
[EventDate "2020.08.29"]
[EventType "swiss (rapid)"]
[EventRounds "7"]
[EventCountry "SVK"]
[SourceTitle "CBM 198 Extra"]
[Source "ChessBase"]
[SourceDate "2020.11.30"]
[SourceVersion "1"]
[SourceVersionDate "2020.11.30"]
[SourceQuality "1"]

1. d4 Nf6 2. c4 g6 3. Nc3 d5 4. cxd5 Nxd5 5. e4 Nxc3 6. bxc3 Bg7 7. Qa4+ Bd7 8. Qa3 0-0 9. Nf3 c5 10. Qxc5 Nc6 11. Be2 Rc8 12. Qa3 a6 13. 0-0 Na5 14. Bg5 Re8 15. Rab1 b5 16. Nd2 h6 17. Bh4 g5 18. Bg3 Qb6 19. h4 Be6 20. hxg5 hxg5 21. Rfc1 Bc4 22. Bg4 Rcd8 23. Qb4 Bd3 24. Rb2 Nc4 25. Nxc4 Bxc4 26. Qxc4 1-0

[Event "Skalica Rapid op"]
[Site "Skalica"]
[Date "2020.08.29"]
[Round "6"]
[White "Havelka, Ondrej"]
[Black "Matejovic, Juraj"]
[Result "0-1"]
[WhiteElo "1997"]
[BlackElo "2219"]
[PlyCount "68"]
[EventDate "2020.08.29"]
[EventType "swiss (rapid)"]
[EventRounds "7"]
[EventCountry "SVK"]
[SourceTitle "CBM 198 Extra"]
[Source "ChessBase"]
[SourceDate "2020.11.30"]
[SourceVersion "1"]
[SourceVersionDate "2020.11.30"]
[SourceQuality "1"]

1. d4 Nf6 2. c4 g6 3. Nc3 Bg7 4. e4 d6 5. h3 0-0 6. Be3 c5 7. Nf3 Qa5 8. Bd3 cxd4 9. Nxd4 Nc6 10. 0-0 Bd7 11. Rc1 Rac8 12. b3 a6 13. a4 Nxd4 14. Bxd4 Be6 15. f4 Ne8 16. Bxg7 Nxg7 17. f5 Qc5+ 18. Kh1 gxf5 19. exf5 Bxf5 20. Nd5 Bxd3 21. Qxd3 Rce8 22. Rce1 Ne6 23. Rf5 Qd4 24. Qf3 Qg7 25. Qf2 Kh8 26. Re4 Qg6 27. Rg4 Qh6 28. Rh4 Qg6 29. Rfh5 Ng5 30. Qe3 f6 31. Nxe7 Qf7 32. Qd3 Rxe7 33. Kh2 Kg8 34. Rh6 Qg7 0-1

[Event "Skalica Rapid op"]
[Site "Skalica"]
[Date "2020.08.29"]
[Round "2"]
[White "Manik, Mikulas"]
[Black "Havelka, Ondrej"]
[Result "1-0"]
[WhiteElo "2313"]
[BlackElo "1997"]
[PlyCount "43"]
[EventDate "2020.08.29"]
[EventType "swiss (rapid)"]
[EventRounds "7"]
[EventCountry "SVK"]
[SourceTitle "CBM 198 Extra"]
[Source "ChessBase"]
[SourceDate "2020.11.30"]
[SourceVersion "1"]
[SourceVersionDate "2020.11.30"]
[SourceQuality "1"]

1. e4 e6 2. d4 d5 3. Nc3 Nf6 4. e5 Nfd7 5. f4 c5 6. Nf3 Nc6 7. Be3 a6 8. Qd2 b5 9. dxc5 Bxc5 10. Bxc5 Nxc5 11. Qf2 Qb6 12. Bd3 b4 13. Ne2 a5 14. 0-0 Ba6 15. f5 Bxd3 16. cxd3 Rb8 17. Nf4 Ne7 18. Rac1 Nd7 19. fxe6 fxe6 20. Nd4 Nxe5 21. Nfxe6 g6 22. Qf6 1-0

[Event "Skalica Masters op"]
[Site "Skalica"]
[Date "2020.08.24"]
[Round "2"]
[White "Haring, Filip"]
[Black "Havelka, Ondrej"]
[Result "0-1"]
[WhiteElo "2314"]
[BlackElo "2157"]
[PlyCount "86"]
[EventDate "2020.08.23"]
[EventType "swiss"]
[EventRounds "9"]
[EventCountry "SVK"]
[SourceTitle "CBM 198 Extra"]
[Source "ChessBase"]
[SourceDate "2020.11.30"]
[SourceVersion "1"]
[SourceVersionDate "2020.11.30"]
[SourceQuality "1"]

1. e4 e6 2. d4 d5 3. Nc3 Nf6 4. Bg5 Bb4 5. e5 h6 6. Bc1 Ne4 7. Qg4 Kf8 8. Nge2 c5 9. a3 Qa5 10. axb4 Qxa1 11. Nxe4 dxe4 12. bxc5 Bd7 13. h4 Na6 14. Qxe4 Bc6 15. Qe3 Nb4 16. Kd2 Rd8 17. Ng3 Qa4 18. b3 Qa1 19. Qc3 Rxd4+ 20. Bd3 Qxc3+ 21. Kxc3 Nxd3 22. Kxd4 Nxf2 23. Rf1 Ng4 24. Rf4 f5 25. Rf1 Bxg2 26. Rg1 Bc6 27. Nh5 Kf7 28. c4 Rd8+ 29. Kc3 Be4 30. Kb4 Bf3 31. Bb2 Rd2 32. Bc3 Ra2 33. Bd4 Rh2 34. Ra1 a6 35. Ka5 Rxh4 36. Nf4 g5 37. Nd3 Be4 38. Nb4 Rh3 39. Ra3 f4 40. Kb6 f3 41. c6 bxc6 42. Nxc6 f2 43. Ra1 Rxb3+ 0-1

[Event "Vsetin op 45th"]
[Site "Vsetin"]
[Date "2020.07.09"]
[Round "8"]
[White "Gnojek, Petr"]
[Black "Havelka, Ondrej"]
[Result "1/2-1/2"]
[WhiteElo "2107"]
[BlackElo "2164"]
[PlyCount "77"]
[EventDate "2020.07.04"]
[EventType "swiss"]
[EventRounds "9"]
[EventCountry "CZE"]
[SourceTitle "CBM 197 Extra"]
[Source "ChessBase"]
[SourceDate "2020.09.30"]
[SourceVersion "1"]
[SourceVersionDate "2020.09.30"]
[SourceQuality "1"]

1. d4 d5 2. c4 e6 3. Nf3 Nf6 4. Nc3 Be7 5. Bg5 0-0 6. e3 h6 7. Bh4 b6 8. Be2 Bb7 9. Bxf6 Bxf6 10. cxd5 exd5 11. b4 c5 12. bxc5 bxc5 13. Rb1 Bc6 14. 0-0 Qa5 15. Qd2 Nd7 16. Rfc1 cxd4 17. Nxd4 Rac8 18. Nxc6 Rxc6 19. Qxd5 Qc7 20. Bb5 Rxc3 21. Rxc3 Qxc3 22. Bxd7 Rd8 23. g3 a5 24. a4 Qc2 25. Rd1 Qc7 26. Qe4 Qe5 27. Qxe5 Bxe5 28. Rd5 Bc7 29. Kf1 Kf8 30. Ke2 Ke7 31. Bc6 Rxd5 32. Bxd5 Bd6 33. h4 Bb4 34. h5 Bc3 35. f4 Bb4 36. Kf3 Be1 37. g4 f6 38. Ke4 Bd2 39. Bc4 1/2-1/2

[Event "CZE-chT2F 1920"]
[Site "Czech Republic"]
[Date "2019.12.15"]
[Round "5.1"]
[White "Havelka, Ondrej"]
[Black "Sramek, Vojtech"]
[Result "1/2-1/2"]
[WhiteElo "2128"]
[BlackElo "2176"]
[PlyCount "94"]
[EventDate "2019.10.13"]
[EventType "team-tourn"]
[EventRounds "11"]
[EventCountry "CZE"]
[SourceTitle "EXT 2024"]
[Source "ChessBase"]
[SourceDate "2023.10.10"]
[SourceVersion "1"]
[SourceVersionDate "2023.10.10"]
[SourceQuality "1"]
[WhiteTeam "Ostrava Labortech II"]
[BlackTeam "Orlova Slavia II"]
[WhiteTeamCountry "CZE"]
[BlackTeamCountry "CZE"]

1. d4 Nf6 2. c4 e6 3. Nc3 Bb4 4. e3 0-0 5. Bd3 d5 6. Nf3 c5 7. 0-0 cxd4 8. exd4 dxc4 9. Bxc4 b6 10. Bg5 Bb7 11. a3 Bxc3 12. bxc3 Nc6 13. Re1 Rc8 14. Qd3 Ne7 15. Ne5 Nfd5 16. Qh3 f6 17. Qxe6+ Kh8 18. Ba2 fxe5 19. Rxe5 Re8 20. Rae1 Nxc3 21. Bxe7 Qxd4 22. Qf7 Ne4 23. Rh5 Qxf2+ 24. Qxf2 Nxf2 25. Bb1 Ne4 26. Bxe4 Rxe7 27. Rxh7+ Kg8 28. Rh4 Bxe4 29. Rhxe4 Rxe4 30. Rxe4 Rc3 31. a4 Kf7 32. h4 Kf6 33. Kf2 a5 34. g3 Rb3 35. Rf4+ Kg6 36. Rg4+ Kf6 37. Rf4+ Kg6 38. Rg4+ Kh6 39. Rf4 Rb4 40. Ke2 Rb2+ 41. Kf3 Rb3+ 42. Kf2 Ra3 43. Kg2 g6 44. Kf2 Rb3 45. Kg2 b5 46. axb5 Rxb5 47. Rf7 Rb2+ 1/2-1/2

[Event "CZE-chT2F 1920"]
[Site "Czech Republic"]
[Date "2019.11.17"]
[Round "3.1"]
[White "Havelka, Ondrej"]
[Black "Langner, Ladislav"]
[Result "0-1"]
[WhiteElo "2130"]
[BlackElo "2377"]
[PlyCount "130"]
[EventDate "2019.10.13"]
[EventType "team-tourn"]
[EventRounds "11"]
[EventCountry "CZE"]
[SourceTitle "EXT 2024"]
[Source "ChessBase"]
[SourceDate "2023.10.10"]
[SourceVersion "1"]
[SourceVersionDate "2023.10.10"]
[SourceQuality "1"]
[WhiteTeam "Ostrava Labortech II"]
[BlackTeam "Trinec II"]
[WhiteTeamCountry "CZE"]
[BlackTeamCountry "CZE"]

1. d4 Nf6 2. c4 g6 3. Nc3 d5 4. cxd5 Nxd5 5. e4 Nxc3 6. bxc3 Bg7 7. Bb5+ c6 8. Ba4 0-0 9. Ne2 b5 10. Bc2 c5 11. 0-0 cxd4 12. cxd4 Nc6 13. Be3 Na5 14. Rb1 Bd7 15. d5 Nc4 16. Bd4 Qa5 17. Bxg7 Kxg7 18. Qd4+ f6 19. Nc3 Rfc8 20. Bb3 Nd2 21. Qxd2 Qxc3 22. Qxc3 Rxc3 23. e5 fxe5 24. Rbe1 Kf6 25. f4 e4 26. Rxe4 Bf5 27. Re5 Rb8 28. Rfe1 Rc7 29. h3 h5 30. Bd1 h4 31. Bg4 Bxg4 32. hxg4 a5 33. Re6+ Kf7 34. f5 gxf5 35. gxf5 Rd8 36. Rh6 Rxd5 37. f6 Rdd7 38. fxe7 Rxe7 39. Rxe7+ Kxe7 40. Rxh4 Rc1+ 41. Kh2 Kd6 42. a4 b4 43. Rh6+ Kc7 44. Rh5 Kb6 45. Rb5+ Ka6 46. g4 Ra1 47. g5 Rxa4 48. g6 Ra2+ 49. Kg3 Rc2 50. Rb8 Rc6 51. Rg8 Kb5 52. Kf4 Rb6 53. g7 Rb7 54. Ke5 b3 55. Kf6 b2 56. Rc8 b1Q 57. g8Q Qb2+ 58. Kf5 Qf2+ 59. Ke6 Qe3+ 60. Kf5 Qf3+ 61. Ke6 Rb6+ 62. Kd7 Qf5+ 63. Ke7 Qf6+ 64. Kd7 Rd6+ 65. Kc7 Qe7+ 0-1